书目信息 |
| 题名: |
风雨兼程八佰伴
|
|
| 作者: | 刘艳华 , 王立萍 编著 | |
| 分册: | ||
| 出版信息: | 长春 吉林出版集团有限责任公司 2014 |
|
| 页数: | 174页 | |
| 开本: | 23cm | |
| 丛书名: | ||
| 单 册: | ||
| 中图分类: | K833.135.38=6 , K833.135.38 | |
| 科图分类: | ||
| 主题词: | ||
| 电子资源: | ||
| ISBN: | 978-7-5534-4069-9 | |
| 000 | 01042nam0 2200277 450 | |
| 001 | 2376224322 | |
| 005 | 20231110095719.35 | |
| 010 | @a978-7-5534-4069-9@dCNY23.80 | |
| 100 | @a20151101d2014 em y0chiy50 ea | |
| 101 | 0 | @achi |
| 102 | @aCN@b220000 | |
| 105 | @ay z 000yd | |
| 200 | 1 | @a风雨兼程八佰伴@Afeng yu jian cheng ba bai ban@f刘艳华,王立萍编著 |
| 210 | @a长春@c吉林出版集团有限责任公司@d2014 | |
| 215 | @a174页@d23cm | |
| 300 | @a和创造世界名牌的人一起放飞梦想 | |
| 312 | @a封面英文题名:Yaohan through trails and hardships | |
| 330 | @a八佰伴曾经是日本最为成功的超级市场,其发展历史曲折艰辛,充满传奇,本书讲述了它的创始人阿信之子——和田一夫,如何将八佰伴从一个乡村菜店开始,一步步发展为日本零售业的巨头。 | |
| 510 | 1 | @aYaohan through trails and hardships@zeng |
| 610 | 0 | @a和田一夫@f(1929-)@x生平事迹 |
| 690 | @aK833.135.38=6@v5 | |
| 690 | @aK833.135.38@v4 | |
| 701 | 0 | @a刘艳华@Aliu yan hua@4编著 |
| 701 | 0 | @a王立萍@Awang li ping@4编著 |
| 801 | 0 | @aCN@b安徽时代@c20230923 |
| 905 | @aBZT@dK833.135.38@e13 | |
| 风雨兼程八佰伴/刘艳华,王立萍编著.-长春:吉林出版集团有限责任公司,2014 |
| 174页;23cm |
| 和创造世界名牌的人一起放飞梦想 |
| ISBN 978-7-5534-4069-9:CNY23.80 |
| 八佰伴曾经是日本最为成功的超级市场,其发展历史曲折艰辛,充满传奇,本书讲述了它的创始人阿信之子——和田一夫,如何将八佰伴从一个乡村菜店开始,一步步发展为日本零售业的巨头。 |
| ● |
| 相关链接 |
|
|
|
正题名:风雨兼程八佰伴
索取号:K833.135.38/13
 
预约/预借
| 序号 | 登录号 | 条形码 | 馆藏地/架位号 | 状态 | 备注 |
| 1 | 2000924659 | 2000924659 | 第四书库/四31架A面2层4列/ [索取号:K833.135.38/13] | 在馆 | |
| 2 | 2000924660 | 2000924660 | 第四书库/四31架A面2层4列/ [索取号:K833.135.38/13] | 在馆 | |
| 3 | 2000924661 | 2000924661 | 第四书库/四31架A面2层4列/ [索取号:K833.135.38/13] | 在馆 | |
| 4 | 2000924662 | 2000924662 | 第四书库/四31架A面2层4列/ [索取号:K833.135.38/13] | 在馆 | |
| 5 | 2000924663 | 2000924663 | 第四书库/四31架A面2层4列/ [索取号:K833.135.38/13] | 在馆 | |
| 6 | 2000924664 | 2000924664 | 第四书库/四31架A面2层4列/ [索取号:K833.135.38/13] | 在馆 |